01213nam a2200349 i 450000500170000000700030001700800410002002000180006102000150007904000350009404100080012908200200013710000310015724501260018825000220031426400600033630000250039633600270042133700330044833800280048149000310050952100380054053400630057854500550064165000180069665000190071465000200073365000340075370000490078794200120083699900150084820220317002014.0ta201105s2017 ck |||er|||| 00| 0 spa d a9789584256034 a9584256033 aCO-BoRNBPbspacCO-BoRNBPerda0 aspa04a650.1bN28e2221 aNewport, Cald1982-eautor10aEnfócate bconsejos para alcanzar el éxito en un mundo disperso cCal Newport ; traducción María Mercedes Correa. aPrimera edición 1aBogotábEditorial Planeta Colombiana bPaidósc2017 a292 páginasc23 cm 2rdacontentatextobtxt 2rdamediaasin mediaciónbn 2rdacarrieravolumenbnc0 aPaidós empresapGerencia aRecomendado para público adulto tDeep work. Rules for focused success in a distracted world aIncluye datos biográficos del autor en la solapa172LEMBaÉxito172LEMBaNegocios172LEMBaLiderazgo172LEMBaPsicología individual1 aCorrea, María Mercedesetraductora9156256 2ddccBK c8864d8864